| 000 | 00525nam a2200181Ia 4500 | ||
|---|---|---|---|
| 008 | 230917s9999||||xx |||||||||||||| ||und|| | ||
| 020 | _cGBP28.99 | ||
| 040 |
_e234134 _aMAIN |
||
| 041 | _aEnglish | ||
| 082 | _a155.5 G281C(4) | ||
| 100 | _aGeldard, Kathryn | ||
| 245 | 0 | _aCounselling adolescents: The proactive approach for young people | |
| 250 | _a4th ed. | ||
| 260 |
_aLos Angeles _bSage Publications _c2016 |
||
| 300 | _aviii, 348 p. | ||
| 500 | _a2382 08/09/2016 APD16/1039401 12/09/2016 Main Budget | ||
| 942 | _cBK | ||
| 999 |
_c19187 _d19187 |
||